Вып. 29: Работы по физико-химии и технологии силикатов; Труды Ленинградского технологического института имени Ленинградского совета (Ленсовета)

Bibliografiske detaljer
Parent link:Труды Ленинградского технологического института имени Ленинградского совета (Ленсовета): [сборник]/ Ленинградский технологический институт им. Ленсовета (ЛТИ). Вып. 29: Работы по физико-химии и технологии силикатов.— , 1945-
Andre forfattere: Добрянский А. Ф. (редактор)
Sprog:russisk
Udgivet: 1954
Fag:
Format: MixedMaterials Bog
KOHA link:https://koha.lib.tpu.ru/cgi-bin/koha/opac-detail.pl?biblionumber=343461

MARC

LEADER 00000nam2a2200000 4500
001 343461
005 20231102005548.0
035 |a (RuTPU)RU\TPU\book\373822 
035 |a RU\TPU\book\347304 
035 |a RU\TPU\book\347062 
090 |a 343461 
100 |a 20191004d1954 k y0rusy50 ca 
101 0 |a rus 
102 |a RU 
105 |a a z 001zy 
200 0 |a Вып. 29: Работы по физико-химии и технологии силикатов  |f под ред. А. Ф. Добрянского 
210 |d 1954 
215 |a 116 с.  |c ил. 
320 |a Библиогр. в конце ст. 
461 1 |0 (RuTPU)RU\TPU\book\345898  |t Труды Ленинградского технологического института имени Ленинградского совета (Ленсовета)  |o [сборник]  |f Ленинградский технологический институт им. Ленсовета (ЛТИ)  |v Вып. 29: Работы по физико-химии и технологии силикатов  |d 1945- 
606 1 |a Химическая технология  |x Процессы  |2 stltpush  |3 (RuTPU)RU\TPU\subj\31251  |9 54153 
606 1 |a Силикаты  |x Химическая технология  |2 stltpush  |3 (RuTPU)RU\TPU\subj\34482  |9 56417 
610 1 |a керамические изделия 
610 1 |a формование 
610 1 |a методы 
610 1 |a вращение 
610 1 |a фарфор 
610 1 |a свойства 
610 1 |a кирпичи 
610 1 |a морозостойкость 
610 1 |a стекло 
610 1 |a вяжущие свойства 
610 1 |a зубные цементы 
610 1 |a красители 
675 |a 66.021  |v 4 
675 |a 666  |v 4 
702 1 |a Добрянский  |b А. Ф.  |4 340 
801 1 |a RU  |b 63413507  |c 20160905 
801 2 |a RU  |b 63413507  |c 20191004  |g RCR 
942 |c BK